000 00847nam a2200229 i 4500
001 bg
100 1 _aGRABOWIECKI, Ryszard
245 1 0 _aPolski przemysł a międzynarodowe wyzwania rozwojowe /
_cRyszard Grabowiecki.
260 _aWarszawa :
_bIRiSS,
_c1997.
300 _a164 s. ;
_c25 cm.
490 1 _aRaporty / Instytut Rozwoju i Studiów Strategicznych,
_x1230-2848 ;
_v61
504 _aBibliogr. s. 162-163. - Streszcz.
610 2 9 _aUnia Europejska
_xprzemysł
_xpolityka
650 9 _aPrzemysł
_xpolityka
_zPolska
650 9 _aIntegracja europejska
_xgospodarka
_xzagadnienia
_yod 1989 r.
830 0 _aRaporty (Instytut Rozwoju i Studiów Strategicznych) ;
_v61
040 _cBPK
041 0 _apl
_bpl
080 _a338.45(438)"1989/...":339.923:061.1A/Z](4-67)"1989/..."
942 _cKS
008 s pl f |000 0 pol
999 _c32676
_d32676
856 _uhttp://koha.tu.koszalin.pl/cgi-bin/koha/opac-detail.pl?biblionumber=32676
_yKatalog online BPK